000 00720cam a22001934a 4500
005 20250605164221.0
008 250528s ||||||||||||||||||||||||d
035 _a20687
020 _a9608151597
040 _aGR-AtMCL
_bgre
_dGR-AtMCL
_eAACR2
245 1 _aΗ Αρχαιοελληνική Συμβολή στη Διαμόρφωση της Ευρώπης τον Μεσαιώνα (5ος - 15ος Αιώνας) / Οι Αρχαιοελληνικές Ρίζες της Μεσαιωνικής Ευρώπης (5ος - 15ος Αιώνας)
250 _a
260 _bΠερίπλους,
_c2001
300 _a406
700 1 _aΜάρκου Γιώργος Σ
_96649
942 _cBK
999 _c5773
_d5773